Hinduism and its development / (Record no. 9728)

MARC details
000 -LEADER
fixed length control field 00804 a2200241 4500
010 ## - LIBRARY OF CONGRESS CONTROL NUMBER
LC control number ENG-89030
020 ## - INTERNATIONAL STANDARD BOOK NUMBER
Terms of availability 300.00
International Standard Book Number 8124603839
035 ## - SYSTEM CONTROL NUMBER
System control number EN-72563
037 ## - SOURCE OF ACQUISITION
Source of stock number/acquisition DBAD / PUB
082 14 - DEWEY DECIMAL CLASSIFICATION NUMBER
Classification number 230
090 ## - LOCALLY ASSIGNED LC-TYPE CALL NUMBER (OCLC); LOCAL CALL NUMBER (OCLC)
-- 9915
-- 9915
100 ## - MAIN ENTRY--PERSONAL NAME
Personal name Satchidananda Murty, K.
245 1# - TITLE STATEMENT
Title Hinduism and its development /
Statement of responsibility, etc by K. Satchidananda Murty
250 ## - EDITION STATEMENT
Edition statement 2nd rev. ed.
260 ## - PUBLICATION, DISTRIBUTION, ETC. (IMPRINT)
Place of publication, distribution, etc New Delhi
Name of publisher, distributor, etc D.K. Printworld
Date of publication, distribution, etc 2007
270 ## - ADDRESS
Address Regd. Office: `Sri Kunj', F-52, Bali Nagar,
City New Delhi
Postal code 110 015
300 ## - PHYSICAL DESCRIPTION
Dimensions 23 cm. (Hb.)
Other physical details xiii, 154p.
490 ## - SERIES STATEMENT
Series statement Andhra University philosophical studies ; no. 7
500 ## - GENERAL NOTE
General note Includes index
650 ## - SUBJECT ADDED ENTRY--TOPICAL TERM
Topical term or geographic name as entry element Hinduism
General subdivision History
942 ## - ADDED ENTRY ELEMENTS (KOHA)
Koha item type English Books
Institution code [OBSOLETE] dpl
Call number prefix 230 / SAT
Holdings
Withdrawn status Lost status Source of classification or shelving scheme Damaged status Not for loan Collection code Home library Current library Source of acquisition Cost, normal purchase price Total Checkouts Full call number Barcode Date last seen Copy number Uniform Resource Identifier Cost, replacement price Price effective from Koha item type
    Dewey Decimal Classification   Not For Loan Non-fiction D.B.Act.Division D.B.Act.Division DBAD/PUB 300.00   230 SAT EN-72563 15/09/2008 1 10725 300.00 15/09/2008 English Books

© Delhi Public Library
Hit Counter
free hit counter